00665cam a2200205 a 450000100100000000500170001000800410002702000150006804000300008308200200011310000280013324500560016126000600021730000350027749000190031250400510033165000210038265000350040383000210043800001459420200929163855.0770520s1975 mx ab b 001 0 spa  c9681310160 aDO-SdBNPbspacDLCdBNPHU a306.09bC728ó1 aComas, Juan,d1900-197910aOrigen de las culturas precolombinas /cJuan Comas. aMéxico :bSecretaria de Educación Pública,c1975. a159 p. :bil., mapas ;c17 cm.1 aSep Dianav175 aIncluye referencias bibliográficas (p. 152). 4aIndiosxOrigenes 4aIndiosxInfluencias exteriores 0aSep Diana ;v175